00279 a2200109 4500001000700000020000600007040001100013100001500024240006300039245005800102362000900160158914 a  cMagnum aTia Regina10aHistorias e lendas do brasil v.2/contos terra do ourolpor10aHistorias e lendas do brasil v.2/contos terra do ouro0 a1899